WWE Superstars - Statistics

General Stats
  • This quiz has been taken 140 times
  • The average score is 16 of 26
Answer Stats
Hint Answer % Correct
The Phenomenal.... AJ Styles
98%
The Big Dog Roman Reigns
92%
The Viper Randy Orton
85%
YES! YES! YES! Daniel Bryan
81%
The Architect Seth Rollins
78%
Suplex City Brock Lesnar
76%
The Phenom Undertaker
73%
The Showoff Dolph Ziggler
71%
GLORIOUS! Bobby Roode
68%
The Demon King Finn Balor
68%
The Devil's Favorite Demon Kane
68%
The Monster Among Men Braun Strowman
67%
WHO? WHO? WHO? WHO? WHO? New Day
65%
Who wants to walk with _____? Elias
62%
The Face that Runs the Place John Cena
61%
The Lone Wolf Baron Corbin
58%
When my hand goes up, your mouth goes shut! The Miz
56%
S-A-W-F-T! Enzo Amore
53%
The Man that Gravity Forgot Neville
46%
10! 10! 10! 10! 10! 10! Tye Dillinger
46%
The _______ _____ Show! Kevin Owens
45%
______ Worldwide! Titus O'Neil
41%
It's _____ Day! Rusev
39%
The Underdog from the Underground Sami Zayn
36%
It's not paranoia, it's ____ ____! The Usos
29%
Good Brothers Gallows and Anderson
25%
No matching quizzes found
Score Distribution
Percent of People with Each Score
Percentile by Number Answered
Your Score History
You have not taken this quiz